| 000 | 00601nam a2200241 a 4500 | ||
|---|---|---|---|
| 001 | nice12345678 | ||
| 003 | IN_TiNIC | ||
| 005 | 20260116014934.0 | ||
| 008 | 100921s1993 jeda grp 000 0 eng | ||
| 020 |
_a0340580445 _c500 |
||
| 082 | 0 | 0 |
_a261.8362 _bHAR |
| 100 | _aHarris, Peter | ||
| 245 | _aUnder the Bright Wings | ||
| 260 |
_aJeddah _bHodder and Stoughton _c1993 |
||
| 300 | _a176p | ||
| 500 | _aincludes index and biblioraphy | ||
| 505 | 2 | _aBibliography | |
| 650 | _aEcology and Christianity | ||
| 700 | 1 | _aHarris, Peter | |
| 902 | _bSRS | ||
| 942 | _cBK | ||
| 999 |
_c17633 _d17633 |
||